Green chemistry and catalysis

Gespeichert in:
Bibliographische Detailangaben
1. Verfasser: Sheldon, Roger Arthur
Weitere Verfasser: Arends, Isabel, Hanefeld, Ulf
Format: Buch
Sprache:Englisch
Veröffentlicht: Weinheim Wiley-VCH 2007
Schlagworte:
Online-Zugang:Im OPAC anzeigen
Tags: Tag hinzufügen
Keine Tags, Fügen Sie das erste Tag hinzu!

MARC

LEADER 00000nam a2200000 a 4500
005 20260127134116.0
008 091127 2007 gw 000 0 eng d
020 |a 9783527307159 
035 |a vtls010025666 
039 9 |y 200911270821  |z mschk03 
040 |a STUSCHK1  |b slo  |c STUSCHK1  |e AACR2 
080 |a 502 
100 1 |a Sheldon, Roger Arthur 
245 1 |a Green chemistry and catalysis  |c Roger Arthur Sheldon, Isabel Arends and Ulf Hanefeld 
260 |a Weinheim  |b Wiley-VCH  |c 2007 
300 |a xiv,433 p.  |b ill.  |c 24 cm 
650 0 |a Environmental chemistry  |x Industrial applications 
650 0 |a Catalysis 
700 1 |a Arends, Isabel 
700 1 |a Hanefeld, Ulf 
910 |a SCHK95 
919 |a 978-3-527-30715-9 
999 |c 4271  |d 4271